000
00304nam a2200157Ia 4500
100
_a
Ugural/ansel
250
_a
3
942
_c
RB
366
_f
20
654
_a
beams
245
_a
Stresses in Beams
260
_b
CRC Press
_c
2010
082
_b
UGU
300
_a
574
546
_a
ENGLISH
_c
Info.Tech
999
_c
35451
_d
35451